000 00270nam a2200097Ia 4500
008 220204s9999 xx 000 0 und d
082 _a382.6(058)
_bEXP
245 0 _aExporters directory 1969
260 _aBombay
_bChemicals Pharmaceuticals and Soaps EPC
_c1969
942 _cBK
999 _c21542
_d21542